Obálka Náhled e-knihy:
PDF Epub
Pro půjčování e-knih musíte být přihlášeni.
Jak si půjčit online?

Vampyria. Dvůr hurikánů /

Upírská sága pokračuje. Pirátský kapitán Foibos Bledý ohrožuje obchod mezi vampýrskou Evropou a Amerikou a Ludvík XIV. Neměnný chce, aby se za něj provdala Diana a svázala ho tak s Francií.

Uloženo v:
Série:Vampyria, část 3
Hlavní autor: Dixen, Victor, 1979- (Autor)
Další autoři: Kottová, Alice, 1979- (Autor)
Médium: E-kniha
Jazyk:Czech
Vydáno: Praha : Dobrovský s.r.o., 2024
Edice:Fobos
Témata:
Příbuzné jednotky:Z cyklu:: Vampyria
Tagy:
Žádné tagy
LEADER 02896nam a2200469 i 4500
001 312272
003 CZ PrSKC
005 20260601215720.0
007 ta
008 240119s2024 xr a g 000 f cze
015 |a cnb003584610 
020 |a 9788027710591  |q (vázáno) 
035 |a (OCoLC)1429250707 
040 |a ABG001  |b cze  |d ABA001  |e rda 
041 1 |a cze  |h fre 
072 7 |a 821.133.1-3  |x Francouzská próza, francouzsky psaná  |2 Konspekt 
080 |a 821.133.1-31  |2 MRF 
080 |a (0:82-312.9)  |2 MRF 
100 1 |a Dixen, Victor,  |d 1979-  |7 xx0278320  |4 aut 
240 1 0 |a Cour des ouragans.  |l Česky 
245 1 0 |a Vampyria.  |p Dvůr hurikánů /  |c Victor Dixen ; přeložila Alice Kottová 
246 3 0 |a Dvůr hurikánů 
264 1 |a Praha :  |b Dobrovský s.r.o.,  |c 2024 
300 |a 529 stran :  |b ilustrace ;  |c 24 cm 
336 |a text  |b txt  |2 rdacontent 
337 |a bez média  |b n  |2 rdamedia 
338 |a svazek  |b nc  |2 rdacarrier 
490 1 |a Fobos 
500 |a Přeloženo z francouzštiny 
520 2 |a Upírská sága pokračuje. Pirátský kapitán Foibos Bledý ohrožuje obchod mezi vampýrskou Evropou a Amerikou a Ludvík XIV. Neměnný chce, aby se za něj provdala Diana a svázala ho tak s Francií.  |b Obchod s Amerikou, který po staletí zajišťuje staré vampýrské Evropě bohatství, ohrožují hordy pirátů. Nejobávanější z nich, kapitán Foibos Bledý, rozpoutal teror při celém pobřeží Atlantiku. Ludvík XIV. Neměnný proto nařídí své chráněnce Dianě, aby se za tohoto piráta provdala, a tak z něj udělala korzára ve službách Francie. Diana se ve skutečnosti jmenuje Johana - je to neurozená dívka, jež potajmu pracuje pro Frondu. Tato vzbouřenecká organizace ji rovněž pověří, aby Foiba Bledého svedla a pokusila se ho zapojit do boje proti vampýrské porobě. Ať už bude výsledek jakýkoli, mladé dívce se začíná vymykat osud z rukou. Je Dianou? Je Johanou? Nebo hurikán odfoukne všechny tyto masky a odhalí ještě strašlivější tvář, do níž se zatím neodvážila pohlédnout? Nakladatelská anotace. 
655 7 |a francouzské romány  |7 fd132289  |2 czenas 
655 7 |a fantasy romány  |7 fd184199  |2 czenas 
655 9 |a French fiction  |2 eczenas 
655 9 |a fantasy novels  |2 eczenas 
700 1 |a Kottová, Alice,  |d 1979-  |7 pna2007418690  |4 trl 
787 0 8 |i Z cyklu:  |t Vampyria  |g 3 
830 0 |a Fobos 
900 |a ABA001  |b 21 
044 |a xr 
910 |a RBIT002 
998 |d 395982  |a https://core.palmknihy.cz/api/books/395982/cover?si64y4  |b https://core.palmknihy.cz/api/books/395982/cover/400?si64y4  |c https://core.palmknihy.cz/api/books/395982/cover/50?si64y4  |e 2027-09-10  |g 529  |i 9788027710591  |j https://core.palmknihy.cz/api/books/395982/preview.epub  |k https://core.palmknihy.cz/api/books/395982/preview.pdf  |l   |q 49  |r 1  |s https://www.palmknihy.cz/kniha/395982  |t ebook  |y 2024  |z 0  |v Vampyria  |w 3 
999 |d 312270